000
00436nam a2200145Ia 4500
008
090124s9999 xx 000 0 und d
082
_b
201386
245
_a
नवे संसार
250
_a
3
260
_b
माडखोलकर ग. त्र्यं. (गजानन त्र्यंबक)
_c
1971
300
_a
340
630
_a
नवे संसार
730
_a
नवे संसार
942
_c
BOOK
999
_c
182967
_d
182967